000 00421nam a2200157 i 4500
001 28665
003 ES-MaACL
005 20230906153916.0
007 t|
008 030117s1999 sp ||||1| spa d
100 1 _aAzuar, Rafael.
_924371
245 1 0 _aLlanuras del Júcar /
_cRafael Azuar.
260 _aMadrid :
_b[s.n.,
_c1965] (
_fGráf. Ibarra)
300 _a141 p. ;
_c21 cm.
852 _aES-MaACL
_jC-27831
_bR.56950
999 _c28665
_d28665